LEADER 01865nam a2200349 u 4500 001 000000027868 003 CaOOAMICUS 005 20070226111734.0 008 960222s1995 it u000 u ita u 020 $a8834305698 035 $a10724137 040 $aIPA$bita$dBAV 041 1 $aita$hger 100 1 $aBeierwaltes, Werner,$d1931-$0(OLS)http://pul/name/2203 245 10$aAgostino e il neoplatonismo cristiano /$cWerner Beierwaltes ; prefazione e introduzione di Giovanni Reale ; traduzione di Giuseppe Girgenti e Alessandro Trotta ; indici a cura di Giuseppe Girgenti. 250 $a1. ed. 260 $aMilano :$bVita e pensiero,$c1995. 300 $a258 p. ;$c22 cm 490 1 $aPubblicazioni del Centro di ricerche di metafisica.$aCollana Platonismo e filosofia patristica.$aStudi e testi ;$v8 504 $a"Produzione scientifica di Werner Beierwaltes": p. 37-44 ; "Indice della letteratura critica citata": p. 213-219. 600 04$aAugustinus,$cs., vesc. d'Ippona,$d354-430.$0(OLS)http://pul/subject/758 700 1 $aTrotta, Alessandro.$0(OLS)http://pul/name/20574 700 1 $aGirgenti, Giuseppe.$0(OLS)http://pul/name/14005 700 1 $aReale, Giovanni,$d1931-2014.$0(OLS)http://pul/name/667 830 0$aPubblicazioni del Centro di ricerche di metafisica.$pCollana Platonismo e filosofia patristica.$pStudi e testi ;$v8.$0(OLS)http://pul/title/19551 850 $aPUL 852 $aPUL$W1$xSL Filosofia 2$y80$mPhil A11 8$j38774$nBK-PRI$b $qStampati altre collocazioni$B38774$CPULBib$Z2$F38774 $H $81 941 1 $a10 960 $aAgostino,$cs., vesc. d'Ippona,$d354-430$9758 996 $6020$a8834305698$9(OLS)http://pul/number/34563 996 $6245$aAgostino e il neoplatonismo cristiano$9(OLS)http://pul/title/38084 996 $6260$aMilano :$bVita e pensiero$9(OLS)http://pul/publisher/48016 LEADER 01187nam a2200265 u 4500 001 000000113221 003 CaOOAMICUS 005 20080929132519.0 008 080929s2008 it u000 u ita u 020 $z978-88-372-2267-3* 040 $aPUL$bita$dLDB 100 1 $aMagris, Aldo.$0(OLS)http://pul/name/12375 245 10$aDestino, provvidenza, predestinazione :$bdal mondo antico al cristianesimo /$cAldo Magris. 260 $aBrescia :$bMorcelliana,$c2008. 300 $a648 p. ;$c21 cm. 490 1 $aFilosofia. Nuova serie ;$v50 504 $aInclude riferimenti bibliografici in nota. 650 4$aEscatologia$yEvo antico.$0(OLS)http://pul/subject/13562 830 0$aFilosofia.$pNuova serie (Morcelliana) ;$v50.$0(OLS)http://pul/title/132719 850 $aPUL 852 $aPUL$W1$xSL Filosofia 3$y81$m123 MAGAL 1$j129372$qDDC 21$B128457$CPULBib$Z2$F128457 $H108258 $82 941 1 $a9 996 $6020$z978-88-372-2267-3*$9(OLS)http://pul/number/138668 996 $6245$aDestino, provvidenza, predestinazione :$bdal mondo antico al cristianesimo$9(OLS)http://pul/title/142272 996 $6260$aBrescia :$bMorcelliana$9(OLS)http://pul/publisher/47854